[Event "GBR-ch111 Major Open"]
[Site "Liverpool"]
[Date "2025.08.06"]
[Round "5.24"]
[White "Savage, Andrew"]
[Black "Richmond, Frank"]
[Result "1/2-1/2"]
[WhiteElo "1950"]
[BlackElo "1836"]
[PlyCount "84"]
[EventDate "2025.08.02"]
[EventType "swiss"]
[EventRounds "9"]
[EventCountry "GBR"]
[SourceTitle "BritBase"]
[Source "John Saunders"]
[SourceDate "2025.08.11"]
[SourceVersion "1"]
[SourceVersionDate "2025.08.11"]
[SourceQuality "1"]

1. e4 e6 2. d4 d5 3. exd5 exd5 4. Bd3 Nf6 5. Ne2 c5 6. dxc5 Bxc5 7. O-O O-O 8. Bg5 Nbd7 9. Nd2 Ne5 10. Nb3 Bd6 11. c3 Nxd3 12. Qxd3 Bxh2+ 13. Kh1 Bd6 14. Bf4 Ng4 15. Qg3 Be7 16. Rad1 Be6 17. Ned4 Nf6 18. Nxe6 fxe6 19. Qh3 Qd7 20. Rfe1 Rae8 21. f3 Bd6 22. Be5 Qc7 23. Qh2 Bxe5 24. Qxe5 Qxe5 25. Rxe5 Nd7 26. Re2 b6 27. Nd4 Rf6 28. Nb5 Kf8 29. c4 Nc5 30. cxd5 exd5 31. Rxe8+ Kxe8 32. Rxd5 a6 33. Nc7+ Ke7 34. b4 Rc6 35. bxc5 Rxc7 36. cxb6 Rb7 37. Rc5 Rxb6 38. Rc7+ Kf6 39. Ra7 h5 40. Kh2 g6 41. Kh3 Kg5 42. Kg3 Re6 1/2-1/2

[Event "GBR-ch111 Major Open"]
[Site "Liverpool"]
[Date "2025.08.06"]
[Round "5.25"]
[White "Bennett, Max"]
[Black "Amoako, Selikem PJ"]
[Result "0-1"]
[WhiteElo "1852"]
[BlackElo "1948"]
[PlyCount "86"]
[EventDate "2025.08.02"]
[EventType "swiss"]
[EventRounds "9"]
[EventCountry "GBR"]
[SourceTitle "BritBase"]
[Source "John Saunders"]
[SourceDate "2025.08.11"]
[SourceVersion "1"]
[SourceVersionDate "2025.08.11"]
[SourceQuality "1"]

1. e4 c5 2. d4 cxd4 3. c3 dxc3 4. Nxc3 Nc6 5. Nf3 d6 6. Bc4 e6 7. O-O a6 8. Qe2 Be7 9. Rd1 Qc7 10. Bf4 Nf6 11. Rac1 O-O 12. a3 b5 13. Ba2 Bb7 14. Nd5 exd5 15. exd5 Nd4 16. Nxd4 Qd7 17. Nc6 Rfe8 18. Qf3 Bf8 19. Bb1 Qg4 20. Qxg4 Nxg4 21. Na5 Rab8 22. Rc7 Bxd5 23. h3 Nf6 24. Bg5 Be6 25. Bxf6 gxf6 26. Rc6 Ra8 27. Be4 Ra7 28. Bf3 Be7 29. Rcc1 Bf8 30. Bb7 Bh6 31. Rc7 Rb8 32. g3 Bf8 33. Kg2 d5 34. Kh2 Bd6 35. Rc6 Be5 36. b4 Bd7 37. f4 Bxc6 38. Bxc6 Bb2 39. Bxd5 Rd7 40. Nc6 Rb6 41. Re1 Kf8 42. Bg2 Rd2 43. Kh1 Rxg2 0-1

[Event "GBR-ch111 Major Open"]
[Site "Liverpool"]
[Date "2025.08.06"]
[Round "5.26"]
[White "Rastogi, Nayan Keats"]
[Black "Jayar, Om Reddy"]
[Result "0-1"]
[WhiteElo "1948"]
[BlackElo "1686"]
[PlyCount "142"]
[EventDate "2025.08.02"]
[EventType "swiss"]
[EventRounds "9"]
[EventCountry "GBR"]
[SourceTitle "BritBase"]
[Source "John Saunders"]
[SourceDate "2025.08.11"]
[SourceVersion "1"]
[SourceVersionDate "2025.08.11"]
[SourceQuality "1"]

1. e4 c5 2. Nf3 Nc6 3. Bb5 e5 4. O-O Bd6 5. d4 cxd4 6. c3 a6 7. Bxc6 dxc6 8. cxd4 Qc7 9. dxe5 Bxe5 10. Nxe5 Qxe5 11. Be3 Nf6 12. Bd4 Qh5 13. Bxf6 Qxd1 14. Rxd1 gxf6 15. Nc3 Be6 16. Na4 Ke7 17. Nc5 b6 18. Na4 Rab8 19. b3 c5 20. Rac1 Rhc8 21. Rc3 c4 22. b4 Bd7 23. Nb2 b5 24. Rdc1 Bc6 25. f3 Rd8 26. R1c2 Rd6 27. Kf2 Rbd8 28. Ke2 h5 29. a3 Ke6 30. Ke3 Rd4 31. Ke2 h4 32. Ke1 Ke5 33. Rc1 Rg8 34. R1c2 Kf4 35. Re2 Rg5 36. Kf2 Rg8 37. Ke1 Rdd8 38. Kf2 Ke5 39. Ke3 f5 40. exf5 Kxf5 41. Kf2 Rg6 42. Ke1 Re6 43. Rxe6 fxe6 44. Ke2 Ra8 45. Ke3 e5 46. Nd1 a5 47. bxa5 Rxa5 48. Nf2 Ra8 49. g3 hxg3 50. hxg3 Ke6 51. Ne4 Bxe4 52. Kxe4 Rd8 53. f4 Rd4+ 54. Ke3 Kd5 55. fxe5 Kxe5 56. Kf3 Kd5 57. Ke2 Kc5 58. Ke3 Rd5 59. g4 b4 60. axb4+ Kxb4 61. Rc1 c3 62. g5 Rxg5 63. Kd3 Rg3+ 64. Kc2 Rg2+ 65. Kd3 Rd2+ 66. Ke3 Kb3 67. Rb1+ Kc2 68. Rb8 Rd7 69. Rb6 Kc1 70. Rc6 c2 71. Rb6 Kd1 0-1

[Event "GBR-ch111 Major Open"]
[Site "Liverpool"]
[Date "2025.08.06"]
[Round "5.27"]
[White "Kendall, Arthur"]
[Black "McDonagh, Michael"]
[Result "1/2-1/2"]
[WhiteElo "1826"]
[BlackElo "1947"]
[PlyCount "61"]
[EventDate "2025.08.02"]
[EventType "swiss"]
[EventRounds "9"]
[EventCountry "GBR"]
[SourceTitle "BritBase"]
[Source "John Saunders"]
[SourceDate "2025.08.11"]
[SourceVersion "1"]
[SourceVersionDate "2025.08.11"]
[SourceQuality "1"]

1. d4 d5 2. Nf3 Nf6 3. e3 c5 4. c3 Nc6 5. dxc5 a5 6. Bb5 Bd7 7. a4 e6 8. b4 axb4 9. Bxc6 Bxc6 10. cxb4 b6 11. Nd4 Bd7 12. c6 Bxb4+ 13. Bd2 Bxd2+ 14. Qxd2 Bc8 15. Qb4 Ba6 16. Nc3 Qe7 17. Qxb6 O-O 18. Ndb5 Rfb8 19. Qc7 Qc5 20. O-O Rc8 21. Qd6 Rxc6 22. Qxc5 Rxc5 23. Ne2 g6 24. Ned4 e5 25. Nb3 Rc4 26. Na5 Bxb5 27. axb5 Rb4 28. Nc6 Rxa1 29. Rxa1 Rxb5 30. Nxe5 Rb7 31. g3 1/2-1/2

[Event "GBR-ch111 Major Open"]
[Site "Liverpool"]
[Date "2025.08.06"]
[Round "5.28"]
[White "Shankar, Yashwardhan"]
[Black "Izod, Chris"]
[Result "1/2-1/2"]
[WhiteElo "1761"]
[BlackElo "1944"]
[PlyCount "136"]
[EventDate "2025.08.02"]
[EventType "swiss"]
[EventRounds "9"]
[EventCountry "GBR"]
[SourceTitle "BritBase"]
[Source "John Saunders"]
[SourceDate "2025.08.11"]
[SourceVersion "1"]
[SourceVersionDate "2025.08.11"]
[SourceQuality "1"]

1. d4 Nf6 2. Bf4 e6 3. e3 c5 4. c3 b6 5. Nd2 Be7 6. Ngf3 O-O 7. Bd3 Ba6 8. Qe2 Bxd3 9. Qxd3 Nc6 10. O-O d5 11. h3 Qc8 12. Bh2 Qb7 13. a3 b5 14. e4 dxe4 15. Nxe4 cxd4 16. cxd4 Rfd8 17. Nc3 a6 18. Rad1 Bd6 19. Bxd6 Rxd6 20. Ne4 Nxe4 21. Qxe4 h6 22. g4 Rd5 23. h4 Ne7 24. Rfe1 Rad8 25. g5 hxg5 26. hxg5 Qb6 27. Kg2 Ng6 28. Rh1 e5 29. Rd3 Nf4+ 30. Kg3 Nxd3 31. Qxd3 Qg6 32. Qxg6 fxg6 33. dxe5 Rd3 34. Kg2 Rf8 35. Nh4 Rf4 36. f3 Kf7 37. Kg3 Re4 38. Rc1 Rxe5 39. Rc7+ Re7 40. Rc6 Re6 41. Rc7+ Re7 42. Rc6 a5 43. Nxg6 Rb3 44. Nxe7 Kxe7 45. Rc2 g6 46. Kf4 a4 47. Ke4 b4 48. axb4 Rxb4+ 49. Ke5 Rb5+ 50. Kf4 Rb3 51. Rc4 a3 52. bxa3 Rxa3 53. Rc7+ Ke6 54. Rc6+ Kf7 55. Kg4 Ra4+ 56. f4 Ra3 57. Rc7+ Kg8 58. Re7 Rb3 59. Re4 Ra3 60. f5 gxf5+ 61. Kxf5 Ra8 62. Re6 Ra5+ 63. Kf6 Ra8 64. Rb6 Rc8 65. g6 Ra8 66. Rb7 Ra6+ 67. Kg5 Ra5+ 68. Kh6 Ra8 1/2-1/2

[Event "GBR-ch111 Major Open"]
[Site "Liverpool"]
[Date "2025.08.06"]
[Round "5.29"]
[White "Ranasinghe, Chaniru"]
[Black "Patel, Keatan"]
[Result "0-1"]
[WhiteElo "1642"]
[BlackElo "2041"]
[PlyCount "54"]
[EventDate "2025.08.02"]
[EventType "swiss"]
[EventRounds "9"]
[EventCountry "GBR"]
[SourceTitle "BritBase"]
[Source "John Saunders"]
[SourceDate "2025.08.11"]
[SourceVersion "1"]
[SourceVersionDate "2025.08.11"]
[SourceQuality "1"]

1. d4 d5 2. Bf4 c5 3. e3 Nc6 4. c3 Qb6 5. Qb3 c4 6. Qc2 e5 7. dxe5 Bf5 8. Qc1 g5 9. Bg3 h5 10. h3 Bg7 11. Nf3 g4 12. Nd4 Nge7 13. Nxf5 Nxf5 14. Bf4 O-O-O 15. Qc2 Nfe7 16. Nd2 Bxe5 17. Bxe5 Nxe5 18. O-O-O Qf6 19. e4 Qxf2 20. exd5 Nxd5 21. Qe4 Ne3 22. Bxc4 N5xc4 23. Nxc4 Nxd1 24. Rxd1 Rxd1+ 25. Kxd1 Rd8+ 26. Kc1 Qf1+ 27. Kc2 Qd1# 0-1

[Event "GBR-ch111 Major Open"]
[Site "Liverpool"]
[Date "2025.08.06"]
[Round "5.30"]
[White "Ruane, Brendan J"]
[Black "Xian, Junhao"]
[Result "1-0"]
[WhiteElo "1848"]
[BlackElo "2159"]
[PlyCount "87"]
[EventDate "2025.08.02"]
[EventType "swiss"]
[EventRounds "9"]
[EventCountry "GBR"]
[SourceTitle "BritBase"]
[Source "John Saunders"]
[SourceDate "2025.08.11"]
[SourceVersion "1"]
[SourceVersionDate "2025.08.11"]
[SourceQuality "1"]

1. e4 c5 2. Nf3 e6 3. d3 Nc6 4. g3 d5 5. Qe2 Nf6 6. Bg2 Be7 7. O-O O-O 8. e5 Nd7 9. Re1 b5 10. Nbd2 a5 11. Nf1 a4 12. a3 Bb7 13. h4 Qb6 14. N1h2 Rfc8 15. Bf4 Qd8 16. h5 h6 17. Qd2 Nf8 18. Ng4 Nd4 19. Be3 Nxf3+ 20. Bxf3 b4 21. Bg2 bxa3 22. bxa3 c4 23. d4 c3 24. Qe2 Bc6 25. Nxh6+ gxh6 26. Qg4+ Kh7 27. Bf1 Nd7 28. Bd3+ Kh8 29. Bxh6 Qg8 30. Qf4 Rab8 31. Rab1 Rxb1 32. Rxb1 Rb8 33. Rxb8 Nxb8 34. g4 Nd7 35. g5 f5 36. g6 Qe8 37. Bg5 Kg7 38. Qh4 Bxa3 39. Bf6+ Kg8 40. Qg5 Qb8 41. Qh6 Qb1+ 42. Kg2 Nxf6 43. exf6 Qd1 44. f7# 1-0

[Event "GBR-ch111 Major Open"]
[Site "Liverpool"]
[Date "2025.08.06"]
[Round "5.31"]
[White "Gadzhiev, Farid"]
[Black "Swiatkowski, Dominik"]
[Result "1/2-1/2"]
[WhiteElo "1978"]
[BlackElo "1843"]
[PlyCount "63"]
[EventDate "2025.08.02"]
[EventType "swiss"]
[EventRounds "9"]
[EventCountry "GBR"]
[SourceTitle "BritBase"]
[Source "John Saunders"]
[SourceDate "2025.08.11"]
[SourceVersion "1"]
[SourceVersionDate "2025.08.11"]
[SourceQuality "1"]

1. e4 e5 2. Nf3 Nc6 3. Bc4 Bc5 4. b4 Bxb4 5. c3 Be7 6. d4 Na5 7. Be2 d6 8. Qa4+ c6 9. dxe5 dxe5 10. Nxe5 Nf6 11. O-O O-O 12. Bf4 b5 13. Qc2 Bd6 14. Rd1 Qc7 15. Rxd6 Qxd6 16. Ng6 Qe6 17. Nxf8 Kxf8 18. Nd2 Bd7 19. a4 Nb7 20. f3 Rd8 21. Be3 a5 22. Nb3 Ra8 23. Nd4 Qe5 24. Qb2 b4 25. cxb4 Nd5 26. Bc4 Nd6 27. Bxd5 cxd5 28. bxa5 dxe4 29. f4 Qxa5 30. Nb3 Qd5 31. Nc5 Bc6 32. Qb4 1/2-1/2

[Event "GBR-ch111 Major Open"]
[Site "Liverpool"]
[Date "2025.08.06"]
[Round "5.32"]
[White "Pick, Freddie"]
[Black "Garnett, John S"]
[Result "1/2-1/2"]
[WhiteElo "1978"]
[BlackElo "1816"]
[PlyCount "43"]
[EventDate "2025.08.02"]
[EventType "swiss"]
[EventRounds "9"]
[EventCountry "GBR"]
[SourceTitle "BritBase"]
[Source "John Saunders"]
[SourceDate "2025.08.11"]
[SourceVersion "1"]
[SourceVersionDate "2025.08.11"]
[SourceQuality "1"]

1. e4 d5 2. exd5 Nf6 3. Nf3 Qxd5 4. Nc3 Qd6 5. d4 c6 6. g3 Bg4 7. Bg2 e6 8. O-O Qc7 9. h3 Bh5 10. Ne2 Nbd7 11. c4 c5 12. d5 exd5 13. cxd5 Bd6 14. Nf4 Bxf3 15. Qxf3 O-O 16. Bd2 Rfe8 17. Rac1 Rad8 18. Rfe1 Qb8 19. Nd3 b6 20. b3 Ne5 21. Nxe5 Bxe5 22. Bg5 1/2-1/2

[Event "GBR-ch111 Major Open"]
[Site "Liverpool"]
[Date "2025.08.06"]
[Round "5.33"]
[White "Freeman, Luke"]
[Black "Walker, Elmira"]
[Result "0-1"]
[WhiteElo "1963"]
[BlackElo "1813"]
[PlyCount "72"]
[EventDate "2025.08.02"]
[EventType "swiss"]
[EventRounds "9"]
[EventCountry "GBR"]
[SourceTitle "BritBase"]
[Source "John Saunders"]
[SourceDate "2025.08.11"]
[SourceVersion "1"]
[SourceVersionDate "2025.08.11"]
[SourceQuality "1"]

1. e4 c6 2. d4 d5 3. e5 Bf5 4. h4 h5 5. Bd3 Bxd3 6. Qxd3 e6 7. Nf3 Ne7 8. Bg5 Qa5+ 9. Nbd2 Nf5 10. O-O c5 11. dxc5 Qxc5 12. c4 Nc6 13. cxd5 Nb4 14. Qe2 Ng3 15. Qd1 Nxf1 16. Qxf1 Qxd5 17. a3 Nd3 18. Rd1 Nxb2 19. Rb1 Bxa3 20. Ra1 Be7 21. Bxe7 Kxe7 22. Rb1 Nd3 23. Rb3 Rhd8 24. Qb1 b6 25. Rb5 Qc6 26. Kh2 g6 27. Rb3 Nxf2 28. Qb2 Nd3 29. Nd4 Rxd4 30. Qxd4 Rd8 31. Qe3 Qd5 32. Qg5+ Ke8 33. Rc3 Qxe5+ 34. Qxe5 Nxe5 35. Ne4 Ke7 36. Rc7+ Rd7 0-1

[Event "GBR-ch111 Major Open"]
[Site "Liverpool"]
[Date "2025.08.06"]
[Round "5.34"]
[White "Davis, Cameron"]
[Black "Mortazavi, Sami"]
[Result "1/2-1/2"]
[WhiteElo "1944"]
[BlackElo "1805"]
[PlyCount "45"]
[EventDate "2025.08.02"]
[EventType "swiss"]
[EventRounds "9"]
[EventCountry "GBR"]
[SourceTitle "BritBase"]
[Source "John Saunders"]
[SourceDate "2025.08.11"]
[SourceVersion "1"]
[SourceVersionDate "2025.08.11"]
[SourceQuality "1"]

1. Nf3 d5 2. c4 c6 3. d4 Nf6 4. Nc3 e6 5. Bg5 dxc4 6. e4 b5 7. e5 h6 8. Bh4 g5 9. Nxg5 hxg5 10. Bxg5 Be7 11. Bxf6 Bxf6 12. exf6 Qxf6 13. g3 Bb7 14. Bg2 Na6 15. Nxb5 O-O-O 16. Qa4 cxb5 17. Bxb7+ Kxb7 18. Qxb5+ Ka8 19. Qc6+ Kb8 20. Qb5+ Ka8 21. Qc6+ Kb8 22. Qb5+ Ka8 23. Qc6+ 1/2-1/2

[Event "GBR-ch111 Major Open"]
[Site "Liverpool"]
[Date "2025.08.06"]
[Round "5.35"]
[White "Sugden, John N"]
[Black "Whittington, Reece W"]
[Result "1-0"]
[WhiteElo "1920"]
[BlackElo "1778"]
[PlyCount "41"]
[EventDate "2025.08.02"]
[EventType "swiss"]
[EventRounds "9"]
[EventCountry "GBR"]
[SourceTitle "BritBase"]
[Source "John Saunders"]
[SourceDate "2025.08.11"]
[SourceVersion "1"]
[SourceVersionDate "2025.08.11"]
[SourceQuality "1"]

1. d4 Nf6 2. c4 e6 3. Nc3 Bb4 4. f3 d5 5. a3 Bxc3+ 6. bxc3 O-O 7. cxd5 exd5 8. e3 Re8 9. Bd3 c5 10. Ne2 Nc6 11. O-O c4 12. Bc2 b5 13. Ng3 Qb6 14. Kh1 Bb7 15. e4 dxe4 16. fxe4 Ne7 17. Bg5 Ng6 18. Bxf6 gxf6 19. Qh5 Re6 20. Qf3 Rae8 21. d5 1-0

[Event "GBR-ch111 Major Open"]
[Site "Liverpool"]
[Date "2025.08.06"]
[Round "5.36"]
[White "Dissanayake, Sathsara"]
[Black "Melia, Alfie"]
[Result "1-0"]
[WhiteElo "1733"]
[BlackElo "1904"]
[PlyCount "139"]
[EventDate "2025.08.02"]
[EventType "swiss"]
[EventRounds "9"]
[EventCountry "GBR"]
[SourceTitle "BritBase"]
[Source "John Saunders"]
[SourceDate "2025.08.11"]
[SourceVersion "1"]
[SourceVersionDate "2025.08.11"]
[SourceQuality "1"]

1. e4 c6 2. d4 d5 3. exd5 cxd5 4. Bd3 Nc6 5. c3 Qc7 6. Nf3 Bg4 7. O-O e6 8. h3 Bh5 9. Be3 Bd6 10. Nbd2 Nf6 11. Qc2 O-O 12. a3 Rab8 13. Rac1 Rfc8 14. Bg5 Bg6 15. Bxg6 hxg6 16. Rfe1 b5 17. Qd3 a5 18. b4 axb4 19. cxb4 Qa7 20. Rc3 Ne7 21. Rec1 Rxc3 22. Rxc3 Qa4 23. Ne5 Qd1+ 24. Qf1 Qxf1+ 25. Kxf1 Rc8 26. Rxc8+ Nxc8 27. Nd3 Nb6 28. Nb1 Ne4 29. Bc1 Be7 30. Nc5 Bf6 31. Nxe4 dxe4 32. Nc3 Bxd4 33. Nxb5 Be5 34. Be3 Nd5 35. Bc5 f5 36. a4 Bc3 37. Nxc3 Nxc3 38. a5 Kf7 39. a6 Nb5 40. Bb6 g5 41. a7 Nxa7 42. Bxa7 Ke7 43. Bd4 g6 44. b5 Kd6 45. Bf6 Kc5 46. b6 Kxb6 47. Bxg5 Kc5 48. Ke2 Kd4 49. g3 e5 50. Bf6 Kd5 51. Ke3 Ke6 52. Bd8 Kd5 53. Bg5 Kd6 54. Kd2 Kd5 55. Kc3 e3 56. Bxe3 Ke4 57. h4 Kf3 58. Kc4 Kg4 59. Kd5 f4 60. Bb6 fxg3 61. fxg3 Kxg3 62. Bd8 Kf4 63. Bg5+ Kf5 64. Be7 Kf4 65. Ke6 Kg4 66. Kxe5 Kh5 67. Kf4 Kh6 68. Kg4 Kg7 69. Kg5 Kf7 70. Bf6 1-0

[Event "GBR-ch111 Major Open"]
[Site "Liverpool"]
[Date "2025.08.06"]
[Round "5.37"]
[White "Shivakumar, Akshath"]
[Black "Nitish, Brunth Sundar"]
[Result "1-0"]
[WhiteElo "1901"]
[BlackElo "1782"]
[PlyCount "45"]
[EventDate "2025.08.02"]
[EventType "swiss"]
[EventRounds "9"]
[EventCountry "GBR"]
[SourceTitle "BritBase"]
[Source "John Saunders"]
[SourceDate "2025.08.11"]
[SourceVersion "1"]
[SourceVersionDate "2025.08.11"]
[SourceQuality "1"]

1. d4 d5 2. c4 e6 3. Nc3 a6 4. cxd5 exd5 5. Bf4 Nf6 6. e3 Bd6 7. Bg5 c6 8. Bd3 O-O 9. Qc2 h6 10. Bh4 Be6 11. Nge2 Re8 12. O-O Bxh2+ 13. Kh1 Bd6 14. f3 g5 15. Be1 c5 16. dxc5 Bxc5 17. e4 Bd6 18. exd5 Bxd5 19. Rd1 Bc6 20. Bg3 Re6 21. Bf5 Qc7 22. Bxe6 Bxg3 23. Qg6+ 1-0

[Event "GBR-ch111 Major Open"]
[Site "Liverpool"]
[Date "2025.08.06"]
[Round "5.38"]
[White "Korsinskij, Nikolas"]
[Black "Patton, Zachary"]
[Result "0-1"]
[WhiteElo "1674"]
[BlackElo "1899"]
[PlyCount "118"]
[EventDate "2025.08.02"]
[EventType "swiss"]
[EventRounds "9"]
[EventCountry "GBR"]
[SourceTitle "BritBase"]
[Source "John Saunders"]
[SourceDate "2025.08.11"]
[SourceVersion "1"]
[SourceVersionDate "2025.08.11"]
[SourceQuality "1"]

1. e4 c5 2. Nf3 Nc6 3. d4 cxd4 4. Nxd4 Nf6 5. Nc3 e5 6. Ndb5 d6 7. Bg5 a6 8. Bxf6 gxf6 9. Na3 f5 10. Qh5 b5 11. Naxb5 axb5 12. Bxb5 Bd7 13. Bc4 d5 14. Bxd5 Qf6 15. exf5 Bb4 16. O-O Bxc3 17. bxc3 O-O 18. Rfe1 Ra5 19. Be4 Ne7 20. Re3 h6 21. g4 Kh7 22. h4 Rg8 23. Kh2 Nd5 24. Rf3 Kg7 25. g5 hxg5 26. hxg5 Qa6 27. Rb1 Kf8 28. Rb8+ Bc8 29. Qh6+ Qxh6+ 30. gxh6 Ke7 31. h7 Rh8 32. Rh3 Kd7 33. Bxd5 Rxd5 34. Rb4 Ke7 35. Rh5 Kf6 36. Rb6+ Kg7 37. Rb8 Rdd8 38. a4 Rxh7 39. Rxh7+ Kxh7 40. a5 Rg8 41. f3 Bxf5 42. Rb5 Kg6 43. Rxe5 Kf6 44. Rc5 Bxc2 45. a6 Bd1 46. f4 Ra8 47. Rc6+ Kg7 48. Kg3 Ba4 49. Rb6 Bd7 50. c4 Bc8 51. c5 Rxa6 52. Rb4 Rc6 53. Rc4 Kf6 54. Kf3 Re6 55. Rb4 Ke7 56. Ra4 Rc6 57. Rc4 Bb7 58. Ke3 Re6+ 59. Kd4 Re4+ 0-1

[Event "GBR-ch111 Major Open"]
[Site "Liverpool"]
[Date "2025.08.06"]
[Round "5.39"]
[White "Hughes, Padraig"]
[Black "Nus, Jonah Bram Erik"]
[Result "1-0"]
[WhiteElo "1877"]
[BlackElo "1724"]
[PlyCount "113"]
[EventDate "2025.08.02"]
[EventType "swiss"]
[EventRounds "9"]
[EventCountry "GBR"]
[SourceTitle "BritBase"]
[Source "John Saunders"]
[SourceDate "2025.08.11"]
[SourceVersion "1"]
[SourceVersionDate "2025.08.11"]
[SourceQuality "1"]

1. e4 e5 2. Nf3 Nc6 3. Nc3 Nf6 4. d4 exd4 5. Nxd4 Bb4 6. Nxc6 bxc6 7. Bd3 O-O 8. O-O d5 9. exd5 cxd5 10. Bg5 c6 11. Qf3 h6 12. Bxf6 Qxf6 13. Qxf6 gxf6 14. Ne2 Bd6 15. Ng3 Re8 16. c3 Rb8 17. Nh5 Be7 18. b3 Bg4 19. Ng3 Bd6 20. h3 Bd7 21. Nh5 Be5 22. Rac1 f5 23. f4 Bg7 24. Rf3 Kf8 25. Ng3 c5 26. Bxf5 Bxf5 27. Nxf5 Rb6 28. Rd1 d4 29. cxd4 Bxd4+ 30. Nxd4 cxd4 31. Rxd4 Ra6 32. Rd2 Re1+ 33. Kf2 Ra1 34. a4 Re6 35. Re3 Rf1+ 36. Kxf1 Rxe3 37. Rb2 Ke7 38. Kf2 Rc3 39. Re2+ Kd6 40. Re3 Rc2+ 41. Kf3 Rb2 42. g4 f6 43. Ke4 Ke6 44. Kd4+ Kd7 45. Kc5 Rf2 46. f5 h5 47. Re6 Rf3 48. Rxf6 Rxh3 49. gxh5 Rxb3 50. Rf7+ Ke8 51. Rxa7 Rf3 52. Kd6 Rh3 53. Ke6 Kf8 54. Ra8+ Kg7 55. f6+ Kh7 56. f7 Rh4 57. f8=R 1-0

[Event "GBR-ch111 Major Open"]
[Site "Liverpool"]
[Date "2025.08.06"]
[Round "5.40"]
[White "Byrne, Colin J"]
[Black "Cowan, Xavier"]
[Result "0-1"]
[WhiteElo "1716"]
[BlackElo "1854"]
[PlyCount "100"]
[EventDate "2025.08.02"]
[EventType "swiss"]
[EventRounds "9"]
[EventCountry "GBR"]
[SourceTitle "BritBase"]
[Source "John Saunders"]
[SourceDate "2025.08.11"]
[SourceVersion "1"]
[SourceVersionDate "2025.08.11"]
[SourceQuality "1"]

1. c4 d6 2. Nc3 e5 3. g3 c6 4. Bg2 Be6 5. b3 Be7 6. Nf3 f5 7. Bb2 Nd7 8. Qc2 Nh6 9. d3 g5 10. O-O-O g4 11. Ng1 d5 12. e3 b5 13. cxd5 cxd5 14. Kb1 Rc8 15. Qe2 Nf6 16. Nxb5 Qa5 17. d4 e4 18. Rc1 Rxc1+ 19. Bxc1 a6 20. Bf1 axb5 21. Qxb5+ Qxb5 22. Bxb5+ Bd7 23. Bxd7+ Kxd7 24. Ne2 Nf7 25. Nf4 Ng5 26. h4 gxh3 27. Nxh3 Nxh3 28. Rxh3 Ng4 29. Rh1 Ke6 30. Rf1 h5 31. Kb2 h4 32. gxh4 Bxh4 33. f4 Bf2 34. a4 Bxe3 35. Bxe3 Nxe3 36. Ra1 Rh2+ 37. Kc3 Rc2+ 38. Kb4 Rc8 39. Kb5 Nc2 40. Rd1 e3 41. Kb6 e2 42. Rh1 e1=Q 43. Rxe1+ Nxe1 44. a5 Rb8+ 45. Kc7 Rxb3 46. a6 Ra3 47. Kb7 Nf3 48. a7 Nxd4 49. a8=Q Rxa8 50. Kxa8 Nb5 0-1

[Event "GBR-ch111 Major Open"]
[Site "Liverpool"]
[Date "2025.08.06"]
[Round "5.41"]
[White "Blinkhorn, Joshua"]
[Black "Williams, John P"]
[Result "0-1"]
[WhiteElo "1838"]
[BlackElo "2027"]
[PlyCount "62"]
[EventDate "2025.08.02"]
[EventType "swiss"]
[EventRounds "9"]
[EventCountry "GBR"]
[SourceTitle "BritBase"]
[Source "John Saunders"]
[SourceDate "2025.08.11"]
[SourceVersion "1"]
[SourceVersionDate "2025.08.11"]
[SourceQuality "1"]

1. e4 Nf6 2. e5 Nd5 3. d4 d6 4. Nf3 Bg4 5. Be2 e6 6. O-O Be7 7. c4 Nb6 8. Nc3 O-O 9. Be3 d5 10. c5 Bxf3 11. Bxf3 Nc4 12. Bc1 b6 13. b3 Na5 14. cxb6 axb6 15. Be3 c5 16. dxc5 bxc5 17. Na4 Nd7 18. Rc1 Rc8 19. Be2 d4 20. Bf4 Nc6 21. Re1 Nb4 22. a3 Nd5 23. Bg3 N7b6 24. Nxb6 Qxb6 25. Bc4 Rfe8 26. Qd3 Ra8 27. a4 Qb4 28. Re4 Rab8 29. Bf4 Nxf4 30. Rxf4 Bg5 31. Qe4 Qd2 0-1

[Event "GBR-ch111 Major Open"]
[Site "Liverpool"]
[Date "2025.08.06"]
[Round "5.42"]
[White "Nguyen, Lam Vy Le"]
[Black "Owen, Dennis"]
[Result "1/2-1/2"]
[WhiteElo "1807"]
[BlackElo "1974"]
[PlyCount "136"]
[EventDate "2025.08.02"]
[EventType "swiss"]
[EventRounds "9"]
[EventCountry "GBR"]
[SourceTitle "BritBase"]
[Source "John Saunders"]
[SourceDate "2025.08.11"]
[SourceVersion "1"]
[SourceVersionDate "2025.08.11"]
[SourceQuality "1"]

1. e4 e6 2. d4 d5 3. Nc3 dxe4 4. Nxe4 Nd7 5. Nf3 Ngf6 6. Ng3 Be7 7. c3 O-O 8. Bd3 b6 9. O-O Bb7 10. Re1 c5 11. Be2 Qc7 12. dxc5 Bxc5 13. Nd4 a6 14. Nb3 Be7 15. Bf3 Bxf3 16. Qxf3 Nc5 17. Nd4 Rac8 18. Bg5 Qb7 19. Qxb7 Nxb7 20. Ndf5 Bc5 21. Nh6+ Kh8 22. Bxf6 gxf6 23. Ng4 f5 24. Ne5 Rc7 25. Rad1 Bd6 26. Nf3 Kg7 27. Rd2 Bxg3 28. hxg3 Rd8 29. Rxd8 Nxd8 30. Rd1 Nc6 31. Kf1 f6 32. Nd4 Nxd4 33. Rxd4 Rc6 34. Rd7+ Kg6 35. Ke2 h5 36. Ke3 e5 37. Kf3 b5 38. a3 a5 39. Ke3 Rc5 40. Kd3 a4 41. Rd8 Kg7 42. Ke3 Kf7 43. Rh8 Kg6 44. Rd8 Kf7 45. Rd7+ Kg6 46. Rd1 Kf7 47. Rh1 Kg6 48. Rh4 Rc4 49. Kd3 f4 50. gxf4 exf4 51. Rh1 Kg5 52. Re1 h4 53. f3 Rc7 54. Re4 f5 55. Rb4 Rh7 56. Rxb5 h3 57. gxh3 Rxh3 58. Ke2 Rh2+ 59. Kf1 Kh4 60. Rxf5 Kg3 61. Rb5 Kxf3 62. Kg1 Rc2 63. Rb8 Rc1+ 64. Kh2 Rc2+ 65. Kg1 Rd2 66. c4 Rd1+ 67. Kh2 Rd2+ 68. Kg1 Rd1+ 1/2-1/2

[Event "GBR-ch111 Major Open"]
[Site "Liverpool"]
[Date "2025.08.06"]
[Round "5.43"]
[White "Mokhber-Garcia, Sebastian"]
[Black "Parikh, Naavya"]
[Result "1/2-1/2"]
[WhiteElo "1962"]
[BlackElo "1800"]
[PlyCount "156"]
[EventDate "2025.08.02"]
[EventType "swiss"]
[EventRounds "9"]
[EventCountry "GBR"]
[SourceTitle "BritBase"]
[Source "John Saunders"]
[SourceDate "2025.08.11"]
[SourceVersion "1"]
[SourceVersionDate "2025.08.11"]
[SourceQuality "1"]

1. Nf3 d5 2. g3 Nf6 3. Bg2 Bf5 4. d4 e6 5. c4 c6 6. b3 Bb4+ 7. Bd2 Bxd2+ 8. Nbxd2 Nbd7 9. O-O O-O 10. Nh4 Bg6 11. Nxg6 hxg6 12. Qc2 Rc8 13. a4 a5 14. Qb2 Qe7 15. Qc3 Ra8 16. Rfb1 Qb4 17. Qxb4 axb4 18. Nf1 Ra5 19. Ne3 b6 20. Rc1 Rc8 21. cxd5 exd5 22. Nc2 c5 23. Nxb4 c4 24. bxc4 Rxc4 25. Rxc4 dxc4 26. e4 Nb8 27. e5 Nfd7 28. Nc6 Ra6 29. Nxb8 Nxb8 30. Bd5 b5 31. Rb1 Rxa4 32. Rxb5 Na6 33. e6 fxe6 34. Bxe6+ Kf8 35. Rb1 c3 36. Rc1 Rxd4 37. Rxc3 Ke7 38. Re3 Kf6 39. Ba2 Nc5 40. Rf3+ Ke5 41. Kg2 g5 42. Rf7 Rd7 43. Rxd7 Nxd7 44. Kf3 Kf6 45. Ke3 Ne5 46. h3 Nd7 47. Bd5 Ne5 48. Kd4 Ng6 49. Be4 Ne5 50. Kd5 Nf7 51. Bg2 Ne5 52. Bf1 Nf7 53. Ke4 Ne5 54. Bd3 Nf7 55. Bc4 Ne5 56. Ba2 Ng6 57. Bb3 Ne5 58. Bc2 Nf7 59. Kd5 Ne5 60. Kd6 Nf7+ 61. Kd7 Ne5+ 62. Ke8 Nf3 63. Be4 Ne5 64. Bb1 Nf7 65. Kd7 Ne5+ 66. Kd6 Nf7+ 67. Kd5 Ne5 68. Ke4 Nf7 69. f4 gxf4 70. Kxf4 g5+ 71. Kg4 Ne5+ 72. Kh5 Nf3 73. Be4 Nd2 74. Bg2 Nc4 75. h4 gxh4 76. g4 Ne5 77. g5+ Kg7 78. Kxh4 Nf7 1/2-1/2